Countries With Nuclear Weapons - Statistics

General Stats
  • This quiz has been taken 35 times
  • The average score is 8 of 9
Answer Stats
Hint Answer % Correct
290 France
100%
225 United Kingdom
100%
5,550 United States of America
100%
6,257 Russia
97%
350 China
91%
160 India
91%
165 Pakistan
91%
45 North Korea
88%
~90 Israel
82%
No matching quizzes found
Score Distribution
Percent of People with Each Score
Percentile by Number Answered
Your Score History
You have not taken this quiz